V Čani hora piesku a štrku od januára vyťažili už tristotisíc kubíkov

Podrobná bibliografia
Hlavný autor: (jmč) (Autor)
Médium: Článok
Jazyk:slovenčina
Predmet:

MARC

LEADER 00000nab a2200000u 4500
001 vtls012076407
003 SK-MaSNL
005 20260303095942.0
008 211108|19631122xo ||||||| ||00 ||slo|
038 |a KEVKJB 
040 |a KEVKJB  |b slo  |e rda 
041 0 |a slo 
043 |a e-xo--- 
044 |a xo  |c SK 
072 7 |a 622  |x Baníctvo  |2 konspekt 
080 |a 622.75/.77  |2 2011 
100 1 |a (jmč)  |4 aut  |9 922906 
245 1 0 |a V Čani hora piesku a štrku  |b od januára vyťažili už tristotisíc kubíkov  |c [autor] (jmč) 
336 |a text  |b txt  |2 rdacontent 
337 |a bez média  |b n  |2 rdamedia 
338 |a zväzok  |b nc  |2 rdacarrier 
650 0 7 |a štrkoviská  |2 kevkjb  |9 884629 
650 0 7 |a ťažba štrkopieskov  |2 kevkjb  |9 1089001 
651 7 |a Čaňa (Slovensko)  |2 SNKPHgeo  |9 28954 
651 7 |a Košice-okolie (Slovensko : okres)  |2 SNKPHgeo  |9 146743 
773 0 |t Východoslovenské noviny  |g Roč. XII., č. 279 (22.11.1963), s. 2 
852 |a KEVKJB  |b KIS3GCP 
999 |c 1827421  |d 1829351